|
|
|
|
| LEADER |
00000nam0a2200000 4500 |
| 001 |
323322 |
| 005 |
20231102003547.0 |
| 035 |
|
|
|a (RuTPU)RU\TPU\book\348906
|
| 090 |
|
|
|a 323322
|
| 100 |
|
|
|a 20161017d1955 km y0rusy50 ca
|
| 101 |
0 |
|
|a rus
|
| 102 |
|
|
|a RU
|
| 105 |
|
|
|a a z 001zy
|
| 200 |
1 |
|
|a Расходомеры. Производственные приборы для измерения расхода жидкости, газа и пара
|f П. П. Кремлевский
|
| 210 |
|
|
|a Москва
|a Ленинград
|c Машгиз
|d 1955
|
| 215 |
|
|
|a 436 с.
|c ил.
|
| 320 |
|
|
|a Библиогр.: с. 427-430
|
| 606 |
1 |
|
|a Расходомеры
|x Измерение расхода и количества
|2 stltpush
|3 (RuTPU)RU\TPU\subj\23989
|9 48448
|
| 610 |
1 |
|
|a измерение
|
| 610 |
1 |
|
|a расход
|
| 610 |
1 |
|
|a жидкости
|
| 610 |
1 |
|
|a газы
|
| 610 |
1 |
|
|a пар
|
| 610 |
1 |
|
|a приборы
|
| 610 |
1 |
|
|a дифманометры
|
| 610 |
1 |
|
|a уровень
|
| 610 |
1 |
|
|a обтекание
|
| 610 |
1 |
|
|a электрические расходомеры
|
| 675 |
|
|
|a 681.121
|v 4
|
| 700 |
|
1 |
|a Кремлевский
|b П. П.
|
| 801 |
|
1 |
|a RU
|b 63413507
|c 20161017
|
| 801 |
|
2 |
|a RU
|b 63413507
|c 20161020
|g RCR
|
| 942 |
|
|
|c BK
|